000 00343 a2200169 4500
001 189226
020 _a85-16-04195-6
040 _cMagnum
100 _aBelinky, Tatiana
240 1 0 _aOlhos de ver
_lpor
245 1 0 _aOlhos de ver
300 _a72
362 0 _a2004
440 1 _aModerna
697 _aLITERATURA JUVENIL
942 _cBK
999 _c189226
_d189226